00335nam a2200121Ia 4500008004100000041000800041082001200049100002100061245002800082260003600110300002400146520004300170240719s9999 xx 000 0 und d aeng a828 RAD aRadhakrishnan, S aThe Principal Upanisads aNew DelhibHarper Collinsc2011 a958 , P. , 22 : Cm. aGifted By : IMT Faculty Dr. Pawan Jain